Tìm hiểu thực trạng và giải pháp về vấn đề lao động - việc làm trên địa bàn quận Hải Châu - TP. Đà Nẵng giai đoạn 2003 - 2007

Mối quan hệ giữa dân số, lao động, việc làm và chất lượng cuộc sống. Thực trạng lao động - việc làm ở quận Hải Châu giai đoạn 2003 - 2007. Một số giải pháp và kiến nghị nhằm nâng cao chất lượng và giải quyết việc làm cho người lao động tại quận Hải Châu ......

Mô tả đầy đủ

Đã lưu trong:
Chi tiết về thư mục
Tác giả chính: Vũ. Thị Hồng Hạnh
Tác giả khác: Nguyễn Thị Mây Th.S (Hướng dẫn)
Định dạng: Sách
Ngôn ngữ:Vietnamese
Được phát hành: Đà Nẵng Trường Đại học Sư phạm 2009
Loạt:Khóa luận tốt nghiệp ĐH. Chuyên ngành: Cử nhân Địa Lý
Những chủ đề:
Các nhãn: Thêm thẻ
Không có thẻ, Là người đầu tiên thẻ bản ghi này!
Thư viện lưu trữ: Mạng thư viện Đại học Đà Nẵng
LEADER 01699nam a2200337 4500
001 000011524
003 7775
005 20120207080230.0
008 120206s2009 viesd
041 |a vie 
072 |a Khóa luận tốt nghiệp 
082 |a 331.151  |b VU-H 
100 |a Vũ. Thị Hồng Hạnh 
245 |a Tìm hiểu thực trạng và giải pháp về vấn đề lao động - việc làm trên địa bàn quận Hải Châu - TP. Đà Nẵng giai đoạn 2003 - 2007  |c Vũ. Thị Hồng Hạnh 
260 |a Đà Nẵng  |b Trường Đại học Sư phạm  |c 2009 
300 |a 58 tr.  |c 29 cm. 
490 |a Khóa luận tốt nghiệp ĐH. Chuyên ngành: Cử nhân Địa Lý 
500 |a Tài liệu tham khảo tr.58 
520 |a Mối quan hệ giữa dân số, lao động, việc làm và chất lượng cuộc sống. Thực trạng lao động - việc làm ở quận Hải Châu giai đoạn 2003 - 2007. Một số giải pháp và kiến nghị nhằm nâng cao chất lượng và giải quyết việc làm cho người lao động tại quận Hải Châu ... 
653 |a Khóa luận tốt nghiệp Đại học 
700 |a Nguyễn Thị Mây  |c Th.S  |e Hướng dẫn 
OWN |a LSP 
AVA |a UDN50  |b LSP  |d 331.151 VU-H  |e available  |t Error 5001 Not defined in file expand_doc_bib_avail.  |f 1  |g 0  |h N  |i 0  |k 1 
999 |a From the UDN01 
AVA |a UDN50  |b LSP  |d 331.151 VU-H  |e available  |t Error 5001 Not defined in file expand_doc_bib_avail.  |f 1  |g 0  |h N  |i 0  |k 1 
TYP |a Monograph 
TYP |a Printed language 
980 |a Mạng thư viện Đại học Đà Nẵng